MARC

LEADER 00000nam0a2200000 4500
001 143902
005 20231101221047.0
020 |a RU  |b 87-16738 
035 |a (RuTPU)RU\TPU\book\155962 
035 |a RU\TPU\book\155961 
090 |a 143902 
100 |a 20080925g1987 m y0rusy5003 ca 
101 0 |a rus 
102 |a BY 
105 |a a z 000ay 
200 1 |a Северное сияние  |e Исторический роман   |e в 2 кн.  |h Кн. 2  |f М. Д. Марич 
210 |a Минск  |c Вышэйшая школа  |d 1987 
215 |d 21 см  |e (ил.)  |a 416 с. 
600 1 |a Пестель  |b П. И.  |c русский дворянин  |f 1793-1826  |g Павел Иванович  |c декабрист  |c полковник Вятского пехотного полка  |2 stltpush  |3 (RuTPU)RU\TPU\pers\10788 
600 1 |a Бестужев-Рюмин  |b М. П.  |c декабрист  |c подпоручик  |f 1801-1826  |g Михаил Павлович  |2 stltpush  |3 (RuTPU)RU\TPU\pers\11768  |9 2915 
600 1 |a Рылеев  |b К. Ф.  |c русский поэт  |c декабрист  |f 1795-1826  |g Кондратий Федорович  |2 stltpush  |3 (RuTPU)RU\TPU\pers\11919  |9 3028 
600 1 |a Каховский  |b П. Г.  |c декабрист  |c поручик в отставке  |f 1797-1826  |g Петр Григорьевич  |2 stltpush  |3 (RuTPU)RU\TPU\pers\14272  |9 4701 
600 1 |a Муравьёв-Апостол  |b С. И.  |c декабрист  |c подполковник  |f 1795-1826  |g Сергей Иванович  |2 stltpush  |3 (RuTPU)RU\TPU\pers\11760  |9 2907 
610 1 |a Декабристы 
610 1 |a Революционное движение в России 
610 1 |a 19 век 
610 1 |a исторические романы 
675 |a Р2  |z rus 
700 1 |a Марич  |b М. Д.  |g Мария Давыдовна  |4 070 
801 0 |a RU  |b RuMRKP  |c 19950417  |g psbo 
801 1 |a RU  |b 63413507  |c 20080925  |g PSBO 
801 2 |a RU  |b 63413507  |c 20080925  |g PSBO 
942 |c BK